02198naa a2200241 i 4500001000400000003000400004005001700008008003900025040000800064100014300072245012300215260001000338300001500348500012400363520086200487650001501349650002401364655003001388700011201418700015601530711008801686773018201774BPPBPK20191005132641.0151022s2002 pl f |100 0 pol cBPK aJanke, WłodzimierzeAutord1996 - .bPolitechnika Koszalińska - Wydział Elektroniki,cKatedra Elementów i Miernictwa Elektronicznego aRekurencyjne algorytmy splotowe o zwiększonej dokładności /cWłodzimierz Janke, Zenon Ociepa, Radosław Łuczak. c2002. as. 477-483 asprawozdanie jednostki (Informator o publikowanych wynikach prac naukowo-badawczych w 2002 roku Wydziału Elektroniki). aW pracy rozważany jest problem dokładności rekurencyjnych półanalitycznych algorytmów splotowych w zastosowaniach do dyskretyzacji czasowej systemów i procesów dynamicznych. Proponuje się techniki zwiększenia tej dokładności pozwalające rozwiązywać numerycznie także i tzw. "sztywne" układy dynamiczne. Do oceny dokładności stosuje się błędy różnicowe pomiędzy wyliczanymi przez algorytm wartościami wyjściowymi a wzorcem analitycznym. Wyniki prac pozwalają opracować i uruchomić rekurencyjne algorytmy splotowe wysokiego rzędu o dużej dokładności numerycznej. Zaproponowane w pracy sposoby poprawy dokładności algorytmów, a zwłaszcza zmniejszenie błędów zaokrągleń nie powodują znaczącego wzrostu złożoności obliczeń i zapewniają zachowanie stabilności numerycznej. 0aAlgorytmy. 0aUkłady dynamiczne. 0aMateriały konferencyjne. aOCIEPA, Zenon.d1996 - .bPolitechnika Koszalińska - Wydział Mechaniczny,cKatedra Systemów Sterowania aŁUCZAK, Radosław.d1997 - .bPolitechnika Koszalińska - Wydział Elektroniki,cKatedra Inżynierii KomputerowejuKatedra Inżynierii Komputerowej aKrajowa Konferencja Modelowanie i Symulacjan(2 ;d(2002 ;cKościelisko, Polska)  iW : tII Krajowa konferencja MiS-2 : modelowanie i symulacja, Kościelisko 24-28 czerwca 2002 r. -dWarszawa : Oficyna Wydawnicza Politechniki Warszawskiej, 2002. -gs. 477-483